Los fichajes más caros del fútbol - Nacidos en 1996 - Estadísticas

Estadísticas generales
  • Esta prueba ha sido intentada 40 veces
  • La puntuación promedio es 7 de 10
Estadísticas de respuestas
Coste (M €) Temporada Nacionalidad Último club Nuevo club Jugador % Correcto
80,60 2020-2021 Brasil FC Barcelona Juventus Arthur Melo
95%
58,00 2022-2023 Brasil Leeds FC Barcelona Raphinha
95%
50,20 2023-2024 Camerún Inter Manchester United André Onana
84%
80,00 2019-2020 Francia Atlético Madrid Bayern Monaco Lucas Hernández
84%
50,00 2023-2024 Corea del Sur Nápoles Bayern Múnich Min-jae Kim
84%
52,00 2016-2017 Alemania FC Schalke 04 Manchester City Leroy Sané
76%
53,00 2020-2021 Alemania RB Leipzig Chelsea Timo Werner
76%
62,00 2019-2020 Francia Lyon Tottenham Tanguy Ndombélé
62%
50,20 2020-2021 Inglaterra Leicester City Chelsea Ben Chilwell
49%
70,00 2019-2020 España Atlético Madrid Bayern Múnich Rodri
24%
No se encontraron pruebas coincidentes
Distribución de puntuación
Porcentaje de gente con cada puntuación
Porcentaje por número respondido
Historial de tus puntuaciones
No has intentado esta prueba.